000 00587nam a2200169 i 4500
001 87458
003 ES-MaACL
005 20230906175657.0
007 t|
008 041222s1942 xxu ||||1| eng d
100 1 _aKretschmer, Herman L.
_968818
245 1 4 _aThe diagnosis and treatment of tuberculosis of the kidney /
_cHerman L. Kretschmer.
260 _aChicago :
_bThe Surgical Publishing Company,
_c1942.
300 _a8 p. :
_bil. ;
_c27 cm.
500 _aEs tirada aparte: Surgery, Gynecology and Ocstetries, dic. 1942, v.75, 704-711.
852 _aES-MaACL
_j1890-F-13
_bR.20071
999 _c87458
_d87458